000 00219nam a2200097Ia 4500
005 20251222114357.0
008 251222s1900||||xx |||||||||||||| ||spa||
082 _aDVD0110/O76/Ej.2
245 0 _aKung Fu Panda:
942 _cDVD
999 _c1491
_d1491